Caracterización de los múltiples estados estacionarios del sistema biológico sacarosa-invertasa
Gorde:
| Egile nagusia: | |
|---|---|
| Formatua: | Liburua |
| Argitaratua: |
San José, Costa Rica
2008
|
| Gaiak: | |
| Etiketak: |
Etiketa erantsi
Etiketarik gabe, Izan zaitez lehena erregistro honi etiketa jartzen!
|
MARC
| LEADER | 00000nam a2200000Ia 4500 | ||
|---|---|---|---|
| 003 | 001307 | ||
| 005 | 20221231144051.0 | ||
| 008 | 140114s2008 cr a 000 ||s d | ||
| 040 | |c cru CEDI | ||
| 090 | |a TFG 5830 | ||
| 100 | |a García Naranjo, Alejandra |9 3912 | ||
| 245 | |a Caracterización de los múltiples estados estacionarios del sistema biológico sacarosa-invertasa | ||
| 260 | |c 2008 |b San José, Costa Rica | ||
| 300 | |a xv, 90 hojas; ilustraciones | ||
| 500 | |a Tesis (licenciatura en ingeniería química)--Universidad de Costa Rica. Facultad de Ingeniería. Escuela de Ingeniería Química | ||
| 650 | |x SACAROSA |x HIDROLISIS |x ENZIMAS |x HIDROLISIS ENZIMATICA |x REACCIONES QUIMICAS |9 3913 | ||
| 942 | |c TFG | ||
| 999 | |c 16405 |d 16405 | ||
